00867nam a2200241 a 450000100060000000300080000600500170001400800410003103500190007204000270009104100080011808200220012610000210014824501220016925000120029126000520030330000350035549000470039050400370043765000810047470000230055585600470057854993BD-RjUL20211209080211.0161113t19801979enka b 001 0 eng  a(BD-RjUL)55115 aDLCcDLCdBD-RjULbeng aeng00a378223bQUA 1980 aQuann, C. James00aAdmissions, academic records, and registrar services /cC. James Quann and associates ; foreword by Kenneth E. Young. a1st ed. aSan Francisco :bJossey-Bass Publishers,c1980. axxvi, 481 p. :bill. ;c24 cm.0 aThe Jossey-Bass series in higher education aIncludes index and bibliography  0aUniversities and collegeszUnited statexAdmissionxHandbooks, manuals, etc.1 aYoung, Kenneth E. uThe Jossey-Bass series in higher education